000 00508nam a2200193 4500
001 127285
003 ES-MaACL
005 20230906193001.0
007 t|
008 070214m19501959sp r ||||1| spa d
100 1 _aRich, F. G.
_996899
245 1 0 _aWinston Churchill /
_cpor F. G. Rich.
260 _a[S. l.] :
_bDolar,
_c[195_?]
300 _a158 p. :
_bil. ;
_c15 cm.
490 1 _aCelebridades
830 0 _aCelebridades
_9187422
852 _aES-MaACL
_jD-8362
_bR.32729
999 _c127285
_d127285